The invention and decline of Israeliness : (Record no. 5154)

MARC details
000 -LEADER
fixed length control field 01245nac a22002651u 4500
010 ## - LIBRARY OF CONGRESS CONTROL NUMBER
LC control number 00067238
020 ## - INTERNATIONAL STANDARD BOOK NUMBER
International Standard Book Number 0520229681 (cloth : alk. paper)
082 00 - DEWEY DECIMAL CLASSIFICATION NUMBER
Classification number 306.095694
Item number K499
090 ## - LOCALLY ASSIGNED LC-TYPE CALL NUMBER (OCLC); LOCAL CALL NUMBER (OCLC)
-- 5154
-- 5154
100 ## - MAIN ENTRY--PERSONAL NAME
Personal name Kimmerling, Baruch.
245 14 - TITLE STATEMENT
Title The invention and decline of Israeliness :
Remainder of title state, society, and the military /
Statement of responsibility, etc Baruch Kimmerling.
260 ## - PUBLICATION, DISTRIBUTION, ETC. (IMPRINT)
Place of publication, distribution, etc Berkeley :
Name of publisher, distributor, etc University of California Press,2001
Date of publication, distribution, etc c2001.
300 ## - PHYSICAL DESCRIPTION
Extent x, 268 p. ;
Dimensions 24 cm.
504 ## - BIBLIOGRAPHY, ETC. NOTE
Bibliography, etc Includes bibliographical references (p. 239-256) and index.
650 #0 - SUBJECT ADDED ENTRY--TOPICAL TERM
Topical term or geographic name as entry element National characteristics, Israeli.
650 #0 - SUBJECT ADDED ENTRY--TOPICAL TERM
Topical term or geographic name as entry element Jews
Geographic subdivision Israel
General subdivision Identity.
650 #0 - SUBJECT ADDED ENTRY--TOPICAL TERM
Topical term or geographic name as entry element Religion and state
Geographic subdivision Israel.
651 #0 - SUBJECT ADDED ENTRY--GEOGRAPHIC NAME
Geographic name Israel
General subdivision Social conditions
Chronological subdivision 20th century.
651 #0 - SUBJECT ADDED ENTRY--GEOGRAPHIC NAME
Geographic name Israel
General subdivision Ethnic relations.
856 42 - ELECTRONIC LOCATION AND ACCESS
Materials specified Contributor biographical information
Uniform Resource Identifier <a href="http://www.loc.gov/catdir/bios/ucal052/00067238.html">http://www.loc.gov/catdir/bios/ucal052/00067238.html</a>
856 42 - ELECTRONIC LOCATION AND ACCESS
Materials specified Table of contents
Uniform Resource Identifier <a href="http://www.loc.gov/catdir/toc/ucal041/00067238.html">http://www.loc.gov/catdir/toc/ucal041/00067238.html</a>
856 42 - ELECTRONIC LOCATION AND ACCESS
Materials specified Publisher description
Uniform Resource Identifier <a href="http://www.loc.gov/catdir/description/ucal042/00067238.html">http://www.loc.gov/catdir/description/ucal042/00067238.html</a>
942 ## - ADDED ENTRY ELEMENTS (KOHA)
Item type Book - Borrowing
Call number prefix 306.095694K499
Holdings
Withdrawn status Item status Damaged status Not for loan Home library Current library Shelving location Date acquired Source of acquisition Total Checkouts Total Renewals Full call number Barcode Date last seen Date last borrowed Koha item type
        Central Library Central Library First floor 18/10/2007 Purchase 7 54 306.095694 KIM 000006164 15/07/2025 04/10/2018 Book - Borrowing